Reducing urban violence in the global South towards safe and inclusive cities

Gespeichert in:
Bibliographische Detailangaben
Format: Buch
Sprache:Englisch
Veröffentlicht: Routledge / Taylor/ Francis 2019
Tags: Tag hinzufügen
Keine Tags, Fügen Sie den ersten Tag hinzu!

MARC

LEADER 00000nam a22000007a 4500
008 210707b ||||| |||| 00| 0 eng d
020 |a 9780815368441 
245 |a Reducing urban violence in the global South  |b towards safe and inclusive cities  |c edited by Jennifer Erin Salahub ..... { et al. }  |g XXV, 245p. : ill. 
250 |c Salahub Erin Jennifer , Gottsbacher Markus, Boer de John and Zaaroura  
260 |b Routledge / Taylor/ Francis  |c 2019  |h London  |i 685487  |l HN 981 .V5R25  |m Urban violence - Developing Countries - Prevention  |m Urban policy - Developing Countries 
500 |a It includes references and index 
942 |a lcc  |c BK  |e ADEYEYE Y. S.  |f 07/07/2021 
952 |0 0  |1 0  |2 lcc  |4 0  |6 HN0981 V5 R25  |7 0  |9 2733  |a HOL  |b HOL  |c GJ  |d 2021-07-07  |l 0  |o HN 981 .V5R25  |p 2021-6578  |r 2021-07-07 00:00:00  |w 2021-07-07  |y BK 
999 |c 1424  |d 1424